Ingeniería económica

Saved in:
Bibliografiske detaljer
Main Authors: Thuesen, Holger George (Author), Fabricky, W. J (Author), Thuesen, G. J (Author)
Format: Bog
Sprog:spansk
Udgivet: Ciudad de México Prentice-Hall Hispanoamericana 1986
Fag:
Tags: Tilføj Tag
Ingen Tags, Vær først til at tagge denne postø!

MARC

LEADER 00000nam a2200000 a 4500
001 UCV4824
003 CL-VaPUC
008 930824e19860000MX |||||||||||||||||spa|d
082 0 4 |a 332  |b THU  |2 21 
100 0 |a Thuesen, Holger George  |e author  |9 299007 
700 0 |a Fabricky, W. J  |e author  |9 299008 
700 0 |a Thuesen, G. J  |e author  |9 299009 
245 1 0 |a Ingeniería económica 
300 |a 592 p 
942 |c BK 
945 |d 19930824 00:00:00  |a mfernand 
260 |a Ciudad de México  |b Prentice-Hall Hispanoamericana  |c 1986 
650 0 |a Ingeniería económica  |9 259938 
583 |a last modification  |c 19930824 00:00:00  |k Rodrigo Vera 
999 |c 211489  |d 211487 
952 |0 0  |1 0  |2 ddc  |4 0  |6 332_000000000000000_THU_1986  |7 0  |8 A  |9 190859  |a BIBING  |b BIBING  |c RES  |d 2019-11-14  |i 258526K  |o 332 THU 1986  |p 258526K  |r 2025-01-20  |w 2019-11-14  |y BK  |k TRA 
952 |0 0  |1 0  |2 ddc  |4 0  |6 332_000000000000000_THU_1986  |7 0  |8 A  |9 190861  |a BIBING  |b BIBING  |c RES  |d 2019-11-14  |i 2970430  |o 332 THU 1986  |p 2970430  |r 2025-01-20  |w 2019-11-14  |y BK  |k EIE 
952 |0 0  |1 0  |2 ddc  |4 0  |6 332_000000000000000_THU_1986  |7 0  |8 A  |9 190863  |a BIBING  |b BIBING  |c RES  |d 2019-11-14  |i 3348288  |o 332 THU 1986  |p 3348288  |r 2025-01-20  |w 2019-11-14  |y BK  |k TRA 
952 |0 0  |1 0  |2 ddc  |4 0  |6 332_000000000000000_THU_1986  |7 0  |8 A  |9 190864  |a BIBING  |b BIBING  |c RES  |d 2019-11-14  |i 3348296  |l 4  |o 332 THU 1986  |p 3348296  |q 2024-01-19  |r 2024-01-09  |s 2024-01-09  |w 2019-11-14  |y BK  |k TRA 
952 |0 0  |1 0  |2 ddc  |4 0  |6 332_000000000000000_THU_1986  |7 0  |8 A  |9 190865  |a BIBING  |b BIBING  |c RES  |d 2019-11-14  |i 334830K  |o 332 THU 1986  |p 334830K  |r 2025-01-20  |w 2019-11-14  |y BK  |k TRA 
952 |0 0  |1 0  |2 ddc  |4 0  |6 332_000000000000000_THU_1986  |7 0  |8 A  |9 190866  |a BIBING  |b BIBING  |c RES  |d 2019-11-14  |i 3348318  |o 332 THU 1986  |p 3348318  |r 2025-01-20  |w 2019-11-14  |y BK  |k TRA 
952 |0 0  |1 0  |4 0  |6 332_000000000000000_THU_1986  |7 0  |8 A  |9 190867  |a BIBMEC  |b BIBMEC  |d 2019-11-14  |i 3612058  |o 332 THU 1986  |p 3612058  |r 2024-01-19  |w 2019-11-14  |y BK  |k MEC 
952 |0 0  |1 0  |4 0  |6 332_000000000000000_THU_1986  |7 0  |8 A  |9 190868  |a BIBMEC  |b BIBMEC  |d 2019-11-14  |i 3612066  |o 332 THU 1986  |p 3612066  |r 2024-01-19  |w 2019-11-14  |y BK  |k MEC 
952 |0 0  |1 0  |4 0  |6 332_000000000000000_THU_1986  |7 0  |8 A  |9 190869  |a BIBMEC  |b BIBMEC  |d 2019-11-14  |i 3612457  |o 332 THU 1986  |p 3612457  |r 2024-01-19  |w 2019-11-14  |y BK  |k MEC 
952 |0 0  |1 0  |4 0  |6 332_000000000000000_THU_1986  |7 0  |8 A  |9 190870  |a BIBMEC  |b BIBMEC  |d 2019-11-14  |i 3612465  |o 332 THU 1986  |p 3612465  |r 2024-01-19  |w 2019-11-14  |y BK  |k MEC 
952 |0 0  |1 0  |4 0  |6 332_000000000000000_THU_1986  |7 0  |8 A  |9 190871  |a BIBMEC  |b BIBMEC  |d 2019-11-14  |i 3612473  |o 332 THU 1986  |p 3612473  |r 2024-01-19  |w 2019-11-14  |y BK  |k MEC